Increasing Biggest Cities #006 - Antigua and Barbuda - Statistics

General Stats
  • This quiz has been taken 15 times
  • The average score is 3 of 10
Answer Stats
Population City % Correct
24 451 Saint John's
100%
3 900 All Saints
50%
2 560 Liberta
25%
2 066 Potters Village
25%
1 888 Bolans
13%
1 359 Clare Hall
13%
1 491 Parham
13%
1 478 Pigotts
13%
1 684 Seaview Farm
13%
1 837 Swetes
13%
No matching quizzes found
Score Distribution
Percent of People with Each Score
Percentile by Number Answered
Your Score History
You have not taken this quiz